000 00833nam a22002297a 4500
999 _c20720
_d20720
003 AR-CdUCM
008 190604b ||||| |||| 00| 0 spa d
040 _aMUNICIPALIDAD PROVINCIAL DEL CUSCO
_cBIBLIOTECA MUNICIPAL DEL CUSCO
041 _hfra
082 _a327.873 /
_bG91
100 _aGuilaine, Louis
_943279
245 _aAmérica latina y el imperialismo americano /
260 _aParís :
_bLibr. de la Vda. de Ch. Bouret,
_c1929
300 _a276 páginas ;
_c19 cm.
505 _aContenido : El retroceso latino y la expansión Anglo - sajona -- LA doctrina de Monroe -- La unión panamericana...
650 _aAmérica del norte
_92791
650 _aAmérica Latina
_91130
700 _aPrologo: Ugarte, Manuel
_943280
700 _aTraductor: Pector , Desire
_943281
942 _2ddc
_cLIBROS
945 _aJavier